Szczegóły MARC21

35th anniversary retrospective /

005 -DATA I CZAS OSTATNIEJ MODYFIKACJI [,]
    • @
    • pole kontrolne
    • 20141014130413.0
020 -Międzynarod. znormalizowany nr książki - ISBN [ , ]
    • a
    • Numer ISBN
    • 9781781902189 Find
040 -Instytucja sporządzająca opis [ , ]
    • a
    • Instytucja, która sporządziła opis (NP)
    • SZCZ U/JG
    • c
    • Instytucja, która sporządziła rekord (NP)
    • SZCZ U/JG
    • d
    • Instytucja, która zmodyfikowała rekord (P)
    • SZCZ U/ML
041 -Język dokumentu [0, ]
    • a
    • Język tekstu (P)
    • angielski
044 -Kraj miejsca wydania [ , ]
    • a
    • Kraj miejsca wydania
    • Wielka Brytania
942 -Rodzaj dokumentu [ , ]
    • c
    • Rodzaj dokumentu
    • Książka
245 -Strefa tytułu i oznaczenia odpowiedzialności [0,0]
    • a
    • Tytuł
    • 35th anniversary retrospective / Find
    • c
    • Pozostałe elementy strefy tytułu i oznaczenia odpowiedzialności (NP)
    • ed. by Solomon W. Polachek, Konstantinos Tatsiramos.
246 -Wariant tytułu [3, ]
    • a
    • Tytuł (NP)
    • Thirty-fifth anniversary retrospective
260 -Strefa adresu wydawniczego [ , ]
    • a
    • Miejsce wydania (P)
    • Bingley :
    • b
    • Nazwa wydawcy (P)
    • Emerald,
    • b
    • Nazwa wydawcy (P)
    • IZA,
    • c
    • Data wydania (P)
    • 2012.
300 -Strefa opisu fizycznego [ , ]
    • a
    • Określenie formy książki i/lub objętość (NP)
    • XVIII, 842 s. :
    • b
    • Oznaczenie ilustracji (NP)
    • il. ;
    • c
    • Format (NP)
    • 24 cm.
490 -Strefa serii i książki wielotomowej - forma nie do wyszukiwania [1, ]
    • a
    • Tytuł (P)
    • Research in Labor Economics, Find
    • x
    • ISSN (NP)
    • 0147-9121 ;
    • v
    • Numeracja (P)
    • vol. 35
830 -Hasło dodatkowe serii i opisu książki wielotomowej - tytuł ujednolicony/tytuł [ ,0]
    • 9
    • KHW
    • 74851
    • a
    • Tytuł ujednolicony/tytuł (NP)
    • Research in Labor Economics
    • x
    • ISSN
    • 0147-9121
    • v
    • Oznaczenie tomu (NP)
    • vol. 35
500 -Uwaga ogólna [ , ]
    • a
    • Uwaga ogólna (NP)
    • Na okł.: Emerald Books.
504 -Uwaga dot. bibliogr. załącznikowej [ , ]
    • a
    • Uwaga dot. bibliografii załącznikowej
    • Bibliogr. po rozdziałach.
080 -Uniwersalna Klasyfikacja Dziesiętna [ , ]
    • 2
    • Identyfikator wydania tablic
    • UDC-P058
    • 9
    • UKD
    • 3015
    • a
    • Symbol klasyfikacji
    • 331.101.26
    • b
    • Dopowiedzenie
    • Ekonomika pracy.
    • 4
    • UKD2
    • 8124
    • x
    • Poddział wspólny
    • (082.1)
    • c
    • Dopowiedzenie poddz. wspólnego
    • (Zbiory prac różnych autorów. Księgi pamiątkowe).
    • 4
    • UKD2
    • 7644
    • x
    • Poddział wspólny
    • =111
    • c
    • Dopowiedzenie poddz. wspólnego
    • =Język angielski.
980 -Symbol UKD [ , ]
    • a
    • UKD
    • 331.101.26(082.1)=111
700 -Hasło dodatkowe - nazwa osobowa [1, ]
    • 9
    • KHW
    • 74850
    • a
    • Nazwa osobowa (NP)
    • Polachek, Solomon W. Find
    • e
    • Określenie rodzaju współpracy
    • Red.
700 -Hasło dodatkowe - nazwa osobowa [1, ]
    • 9
    • KHW
    • 55389
    • a
    • Nazwa osobowa (NP)
    • Tatsiramos, Konstantinos Find
    • d
    • Daty biograficzne (NP)
    • (1974- ).
    • e
    • Określenie rodzaju współpracy
    • Red.
710 -Hasło dodatkowe - nazwa ciała zbiorowego [2, ]
    • 4
    • Kod relacji
    • pbl
    • 9
    • KHW
    • 65735
    • a
    • Nazwa ciała zbiorowego lub nazwa geograficzna jako pierwszy element (NP)
    • Emerald Group Publishing.
710 -Hasło dodatkowe - nazwa ciała zbiorowego [2, ]
    • 4
    • Kod relacji
    • pbl
    • 9
    • KHW
    • 74856
    • a
    • Nazwa ciała zbiorowego lub nazwa geograficzna jako pierwszy element (NP)
    • Forschungsinstitut zur Zukunft der Arbeit (Bonn).
920 -ISBN [ , ]
    • a
    • ISBN
    • 978-1-78190-218-9 Find
Lokalizacja Data inwentaryzacji Status udost. Numer inwentarzowy Sygnatura
T2014-04-16-2T.16267T.16267